00950nam a2200253Ia 450000500170000000800410001702000150005808200160007310000250008924501040011425000110021830000270022953400410025660000650029760000490036265000660041165000400047770000280051726400280054533600270057333700330060033800280063304000350066120220317000104.0141031s9999 xx 000 0 und d a8489804141 a927.5bG69r10aRadziewsky, Elke von10aFrancisco José de Goya : la nevada cElke von Radziewsky ; traducción de L. Rodríguez López a2a ed. a121 páginas c23 cm. tFrancisco José de Goya: der winter10aGoya y Lucientes, Francisco ded1746-1828 xObra Pictórica10aGoya y Lucientes, Francisco devBiografía 14a Pintores españoles 2LEMBvBiografíasySiglos XVII-XVIII14aPintura religiosa española 2LEMB10aRodríguez López, L. aMadrid bLóguezc2002 atextobtxt2rdacontent asin mediaciónbn2rdamedia avolumenbnc2rdacarrier aCO-BoRNBPbspaerdacCO-BoRNBP